[Event "BRA-ch sf"]
[Site "Brasilia"]
[Date "2011.11.02"]
[Round "7"]
[White "Aranha Filho, Alvaro Zimmermann"]
[Black "Barbosa, Evandro Amorim"]
[Result "1/2-1/2"]
[WhiteElo "2315"]
[BlackElo "2383"]
[PlyCount "36"]
[EventDate "2011.10.29"]
[EventType "swiss"]
[EventRounds "8"]
[EventCountry "BRA"]
[SourceTitle "EXT 2012"]
[Source "ChessBase"]
[SourceDate "2011.11.24"]
[SourceVersion "1"]
[SourceVersionDate "2011.11.24"]
[SourceQuality "1"]

1. d4 Nf6 2. Nf3 g6 3. Bg5 Bg7 4. Nbd2 c5 5. c3 d6 6. dxc5 dxc5 7. e4 O-O 8.
Be2 Nc6 9. O-O Qc7 10. Qc2 h6 11. Bh4 Nh5 12. Rfe1 Rb8 13. Nc4 b5 14. Ne3 e6
15. Nd2 Nf4 16. Bf1 c4 17. Bg3 g5 18. Nf3 Bb7 1/2-1/2

[Event "Mario Covas 10th"]
[Site "Santos"]
[Date "2011.11.28"]
[Round "4"]
[White "Barbosa, Evandro Amorim"]
[Black "Rodriguez Vila, Andres"]
[Result "1/2-1/2"]
[WhiteElo "2412"]
[BlackElo "2481"]
[PlyCount "35"]
[EventDate "2011.11.26"]
[EventType "tourn"]
[EventRounds "9"]
[EventCountry "BRA"]
[EventCategory "9"]
[SourceTitle "CBM 145 Extra"]
[Source "ChessBase"]
[SourceDate "2012.01.03"]
[SourceVersion "1"]
[SourceVersionDate "2012.01.03"]
[SourceQuality "1"]

1. e4 e6 2. d4 d5 3. Nc3 Bb4 4. e5 c5 5. a3 Bxc3+ 6. bxc3 Nc6 7. Qg4 g6 8. a4
Qa5 9. Bd2 Bd7 10. Bb5 Nxe5 11. Qe2 Nc4 12. Bxc4 dxc4 13. Nf3 cxd4 14. Qxc4 Qd5
15. Qxd5 exd5 16. Nxd4 Ne7 17. O-O O-O 18. Rfb1 1/2-1/2

[Event "Mario Covas 10th"]
[Site "Santos"]
[Date "2011.11.30"]
[Round "7"]
[White "Barbosa, Evandro Amorim"]
[Black "Milos, Gilberto"]
[Result "1/2-1/2"]
[WhiteElo "2412"]
[BlackElo "2597"]
[PlyCount "36"]
[EventDate "2011.11.26"]
[EventType "tourn"]
[EventRounds "9"]
[EventCountry "BRA"]
[EventCategory "9"]
[SourceTitle "CBM 145 Extra"]
[Source "ChessBase"]
[SourceDate "2012.01.03"]
[SourceVersion "1"]
[SourceVersionDate "2012.01.03"]
[SourceQuality "1"]

1. e4 c5 2. Nf3 d6 3. d4 cxd4 4. Nxd4 Nf6 5. Nc3 g6 6. Be3 Bg7 7. f3 Nc6 8. Qd2
O-O 9. Bc4 Nd7 10. a4 Nb6 11. Bb3 Na5 12. Qd3 Nxb3 13. cxb3 d5 14. Nde2 Be6 15.
Bd4 dxe4 16. Nxe4 Bf5 17. O-O-O e5 18. Be3 Qxd3 1/2-1/2

[Event "Mario Covas 10th"]
[Site "Santos"]
[Date "2011.12.02"]
[Round "9"]
[White "Barbosa, Evandro Amorim"]
[Black "Fusco, Leonardo"]
[Result "1/2-1/2"]
[WhiteElo "2412"]
[BlackElo "2383"]
[PlyCount "47"]
[EventDate "2011.11.26"]
[EventType "tourn"]
[EventRounds "9"]
[EventCountry "BRA"]
[EventCategory "9"]
[SourceTitle "CBM 145 Extra"]
[Source "ChessBase"]
[SourceDate "2012.01.03"]
[SourceVersion "1"]
[SourceVersionDate "2012.01.03"]
[SourceQuality "1"]

1. e4 c5 2. Nf3 d6 3. d4 Nf6 4. Nc3 cxd4 5. Nxd4 a6 6. Bg5 e6 7. f4 Nbd7 8. Qf3
Qc7 9. O-O-O b5 10. e5 Bb7 11. Qh3 dxe5 12. Nxe6 fxe6 13. Qxe6+ Be7 14. Bxb5
axb5 15. Nxb5 Qc6 16. Nd6+ Kd8 17. Ne4 Kc7 18. Qxe7 Rxa2 19. Bxf6 Ra1+ 20. Kd2
Qd5+ 21. Kc3 Qa5+ 22. Kd3 Qd5+ 23. Kc3 Qa5+ 24. Kd3 1/2-1/2

[Event "Santos Paulista-ch"]
[Site "Santos"]
[Date "2011.12.02"]
[Round "1"]
[White "Barbosa, Evandro Amorim"]
[Black "Heinrichs, Vivian"]
[Result "1-0"]
[WhiteElo "2412"]
[BlackElo "1969"]
[PlyCount "69"]
[EventDate "2011.12.02"]
[EventType "swiss"]
[EventRounds "6"]
[EventCountry "BRA"]
[SourceTitle "CBM 146 Extra"]
[Source "ChessBase"]
[SourceDate "2012.02.29"]
[SourceVersion "1"]
[SourceVersionDate "2012.02.29"]
[SourceQuality "1"]

1. e4 c5 2. Nf3 e6 3. d4 cxd4 4. Nxd4 a6 5. Bd3 Nf6 6. O-O Qc7 7. Qe2 d6 8. c4
Be7 9. Nc3 O-O 10. f4 Nbd7 11. Bd2 b6 12. Rae1 Nc5 13. Bb1 Bb7 14. f5 e5 15.
Nf3 Rac8 16. b4 Ncd7 17. Bd3 Rfe8 18. a4 Nb8 19. Nd5 Bxd5 20. cxd5 Qb7 21. Kh1
Qa7 22. Be3 Qb7 23. Nd2 Red8 24. Nb1 Bf8 25. Rf3 Ng4 26. Bd2 Nf6 27. Rh3 h6 28.
Na3 Nfd7 29. Rg1 Re8 30. Nc4 Red8 31. Ne3 Nf6 32. Ng4 Nxg4 33. Qxg4 Kh7 34.
Bxh6 gxh6 35. Rg3 1-0

[Event "Santos Paulista-ch"]
[Site "Santos"]
[Date "2011.12.02"]
[Round "2"]
[White "Feliciano Ebert, Vanessa"]
[Black "Barbosa, Evandro Amorim"]
[Result "1/2-1/2"]
[WhiteElo "2177"]
[BlackElo "2412"]
[PlyCount "66"]
[EventDate "2011.12.02"]
[EventType "swiss"]
[EventRounds "6"]
[EventCountry "BRA"]
[SourceTitle "CBM 146 Extra"]
[Source "ChessBase"]
[SourceDate "2012.02.29"]
[SourceVersion "1"]
[SourceVersionDate "2012.02.29"]
[SourceQuality "1"]

1. d4 Nf6 2. c4 g6 3. Nc3 d5 4. cxd5 Nxd5 5. e4 Nxc3 6. bxc3 Bg7 7. Nf3 c5 8.
Rb1 O-O 9. Be2 Nc6 10. d5 Ne5 11. Nxe5 Bxe5 12. Qd2 e6 13. O-O exd5 14. exd5 b6
15. c4 Qd6 16. h3 Bd7 17. Bd3 Rae8 18. Bb2 Bxb2 19. Qxb2 Re5 20. Rfe1 Rfe8 21.
Qc3 Qf6 22. Rxe5 Rxe5 23. Re1 Rxe1+ 24. Qxe1 Kg7 25. Qe3 h5 26. Kh2 a6 27. Kg1
h4 28. Bc2 Qb2 29. Qe7 Qc1+ 30. Kh2 Qf4+ 31. Kg1 Qc1+ 32. Kh2 Qf4+ 33. Kg1 Qc1+
1/2-1/2

[Event "Santos Paulista-ch"]
[Site "Santos"]
[Date "2011.12.03"]
[Round "3"]
[White "Barbosa, Evandro Amorim"]
[Black "Proudian, Armen"]
[Result "1-0"]
[WhiteElo "2412"]
[BlackElo "2138"]
[PlyCount "53"]
[EventDate "2011.12.02"]
[EventType "swiss"]
[EventRounds "6"]
[EventCountry "BRA"]
[SourceTitle "CBM 146 Extra"]
[Source "ChessBase"]
[SourceDate "2012.02.29"]
[SourceVersion "1"]
[SourceVersionDate "2012.02.29"]
[SourceQuality "1"]

1. d4 Nf6 2. Nf3 d6 3. Nc3 g6 4. e4 Bg7 5. Be3 c6 6. h3 b5 7. Bd3 Qc7 8. O-O
O-O 9. Qd2 Re8 10. a4 b4 11. Ne2 c5 12. c3 c4 13. Bb1 b3 14. e5 Nd5 15. Bh6 Nd7
16. Ng3 Bh8 17. e6 fxe6 18. h4 Nf8 19. h5 Nf6 20. Qg5 Kf7 21. Nh4 gxh5 22. Nxh5
Qc6 23. Bxf8 Kxf8 24. Qh6+ Kf7 25. Bxh7 Rg8 26. Bxg8+ Kxg8 27. Ng6 1-0

[Event "Santos Paulista-ch"]
[Site "Santos"]
[Date "2011.12.03"]
[Round "4"]
[White "Gallo Ponce, Elbert"]
[Black "Barbosa, Evandro Amorim"]
[Result "1/2-1/2"]
[WhiteElo "2243"]
[BlackElo "2412"]
[PlyCount "33"]
[EventDate "2011.12.02"]
[EventType "swiss"]
[EventRounds "6"]
[EventCountry "BRA"]
[SourceTitle "CBM 146 Extra"]
[Source "ChessBase"]
[SourceDate "2012.02.29"]
[SourceVersion "1"]
[SourceVersionDate "2012.02.29"]
[SourceQuality "1"]

1. Nf3 c5 2. g3 Nc6 3. c4 e5 4. Nc3 g6 5. Bg2 Bg7 6. a3 a5 7. d4 exd4 8. Nb5 d6
9. e3 Nge7 10. exd4 cxd4 11. Nfxd4 Nxd4 12. Nxd4 O-O 13. O-O d5 14. cxd5 Nxd5
15. Nb5 Be6 16. Nd4 Bc8 17. Nb5 1/2-1/2

[Event "Santos Paulista-ch"]
[Site "Santos"]
[Date "2011.12.04"]
[Round "5"]
[White "Barbosa, Evandro Amorim"]
[Black "Mendonca, Mateus Nakajo"]
[Result "1/2-1/2"]
[WhiteElo "2412"]
[BlackElo "2188"]
[PlyCount "47"]
[EventDate "2011.12.02"]
[EventType "swiss"]
[EventRounds "6"]
[EventCountry "BRA"]
[SourceTitle "CBM 146 Extra"]
[Source "ChessBase"]
[SourceDate "2012.02.29"]
[SourceVersion "1"]
[SourceVersionDate "2012.02.29"]
[SourceQuality "1"]

1. e4 e5 2. Nf3 Nf6 3. Nxe5 d6 4. Nf3 Nxe4 5. d4 d5 6. Bd3 Nc6 7. O-O Be7 8.
Nc3 Nxc3 9. bxc3 Bg4 10. Rb1 Na5 11. h3 Bh5 12. Re1 O-O 13. Re5 Bxf3 14. Qxf3
c6 15. Bh6 Bf6 16. Rh5 Re8 17. Bf5 g6 18. Qg3 Qd7 19. Bf4 Qe7 20. Bd3 Kh8 21.
Bd6 Qd7 22. Be5 Bxe5 23. Rxe5 f6 24. Re3 1/2-1/2

[Event "Batatais op 2nd"]
[Site "Batatais"]
[Date "2011.12.16"]
[Round "1"]
[White "Nery, Jose Antonio Jr"]
[Black "Barbosa, Erick Silva"]
[Result "1-0"]
[WhiteElo "2035"]
[BlackElo "1798"]
[PlyCount "42"]
[EventDate "2011.12.16"]
[EventType "swiss"]
[EventRounds "6"]
[EventCountry "BRA"]
[SourceTitle "EXT 2013"]
[Source "ChessBase"]
[SourceDate "2012.11.22"]
[SourceVersion "1"]
[SourceVersionDate "2012.11.22"]
[SourceQuality "1"]

1. e4 d5 2. exd5 Nf6 3. Nc3 Nxd5 4. Bc4 Nxc3 5. Qf3 e6 6. dxc3 Nc6 7. Bf4 Bd6
8. O-O-O Qe7 9. Bxd6 cxd6 10. Qg3 O-O 11. Rxd6 e5 12. Rd2 Bf5 13. Nf3 Qc5 14.
Bb3 Rad8 15. Rhd1 e4 16. Rd5 Qe7 17. Rxf5 Rxd1+ 18. Kxd1 exf3 19. Qxf3 Rd8+ 20.
Rd5 Rxd5+ 21. Bxd5 Qd6 1-0

[Event "Batatais op 2nd"]
[Site "Batatais"]
[Date "2011.12.16"]
[Round "2"]
[White "Barbosa, Erick Silva"]
[Black "De Aguiar, Thiago Martins"]
[Result "1-0"]
[WhiteElo "1798"]
[BlackElo "1726"]
[PlyCount "71"]
[EventDate "2011.12.16"]
[EventType "swiss"]
[EventRounds "6"]
[EventCountry "BRA"]
[SourceTitle "EXT 2013"]
[Source "ChessBase"]
[SourceDate "2012.11.22"]
[SourceVersion "1"]
[SourceVersionDate "2012.11.22"]
[SourceQuality "1"]

1. e4 e5 2. Nf3 Nc6 3. Bb5 d6 4. d4 Bd7 5. d5 Nce7 6. Bxd7+ Qxd7 7. O-O O-O-O
8. a4 a6 9. b4 f5 10. Ng5 Ng6 11. Ne6 Re8 12. exf5 N6e7 13. b5 a5 14. Qd2 b6
15. Qd3 h5 16. Bg5 h4 17. Na3 Nh6 18. f6 gxf6 19. Bxf6 Rg8 20. Bxh4 Nef5 21.
Bg5 Ne7 22. Qc4 Ng6 23. Qc6 Qxc6 24. bxc6 Nf7 25. Be3 Bh6 26. Bxh6 Nxh6 27. g3
Nh4 28. f4 N4f5 29. Rae1 Rg4 30. Kf2 Reg8 31. Rg1 e4 32. Rxe4 Nf7 33. Nb5 N5h6
34. Nexc7 Nf5 35. Re8+ Rxe8 36. Nxe8 1-0

[Event "Batatais op 2nd"]
[Site "Batatais"]
[Date "2011.12.17"]
[Round "3"]
[White "Ramos, Ricardo Guelerman P"]
[Black "Barbosa, Erick Silva"]
[Result "1/2-1/2"]
[WhiteElo "1879"]
[BlackElo "1798"]
[PlyCount "52"]
[EventDate "2011.12.16"]
[EventType "swiss"]
[EventRounds "6"]
[EventCountry "BRA"]
[SourceTitle "EXT 2013"]
[Source "ChessBase"]
[SourceDate "2012.11.22"]
[SourceVersion "1"]
[SourceVersionDate "2012.11.22"]
[SourceQuality "1"]

1. c4 Nf6 2. g3 e5 3. Bg2 Nc6 4. Nc3 Bb4 5. Nd5 O-O 6. a3 Be7 7. d3 a5 8. Nf3
Re8 9. O-O h6 10. b3 Bc5 11. Bb2 Nxd5 12. cxd5 Nd4 13. e3 Nxf3+ 14. Bxf3 d6 15.
d4 exd4 16. Bxd4 Bh3 17. Bg2 Bxg2 18. Kxg2 Bxd4 19. Qxd4 Qe7 20. Rac1 Rac8 21.
Rc4 c5 22. dxc6 bxc6 23. Qc3 Qb7 24. Kg1 Re5 25. b4 axb4 26. axb4 Rb5 1/2-1/2

[Event "Batatais op 2nd"]
[Site "Batatais"]
[Date "2011.12.17"]
[Round "4"]
[White "Barbosa, Erick Silva"]
[Black "Polo, Tiago Dias"]
[Result "1/2-1/2"]
[WhiteElo "1798"]
[BlackElo "1719"]
[PlyCount "69"]
[EventDate "2011.12.16"]
[EventType "swiss"]
[EventRounds "6"]
[EventCountry "BRA"]
[SourceTitle "EXT 2013"]
[Source "ChessBase"]
[SourceDate "2012.11.22"]
[SourceVersion "1"]
[SourceVersionDate "2012.11.22"]
[SourceQuality "1"]

1. e4 c6 2. Nc3 d5 3. Nf3 dxe4 4. Nxe4 Nd7 5. d4 Ngf6 6. Nxf6+ Nxf6 7. Bc4 e6
8. O-O Be7 9. c3 O-O 10. Qc2 Qc7 11. Bd3 Re8 12. Ne5 c5 13. Be3 b6 14. Bb5 Bd7
15. Nxd7 Nxd7 16. dxc5 Bxc5 17. Bxc5 bxc5 18. Rad1 Red8 19. Bd3 Nf6 20. c4 Rd4
21. Be2 Rad8 22. Rxd4 Rxd4 23. Rd1 Rxd1+ 24. Qxd1 h6 25. g3 Qd7 26. Qxd7 Nxd7
27. Kf1 Kf8 28. a3 a5 29. Ke1 Ke7 30. Kd2 Kd6 31. Kc3 e5 32. b4 cxb4+ 33. axb4
axb4+ 34. Kxb4 Nc5 35. Kb5 1/2-1/2

[Event "Batatais op 2nd"]
[Site "Batatais"]
[Date "2011.12.18"]
[Round "5"]
[White "Barbosa, Erick Silva"]
[Black "Santos, Emanuel Valentin"]
[Result "1/2-1/2"]
[WhiteElo "1798"]
[BlackElo "1872"]
[PlyCount "58"]
[EventDate "2011.12.16"]
[EventType "swiss"]
[EventRounds "6"]
[EventCountry "BRA"]
[SourceTitle "EXT 2013"]
[Source "ChessBase"]
[SourceDate "2012.11.22"]
[SourceVersion "1"]
[SourceVersionDate "2012.11.22"]
[SourceQuality "1"]

1. e4 c5 2. c3 Nf6 3. e5 Nd5 4. d4 cxd4 5. Nf3 Nc6 6. cxd4 g6 7. Bc4 Nb6 8. Bb3
Bg7 9. O-O O-O 10. Nc3 d6 11. Re1 Bg4 12. Bf4 d5 13. Be3 Bf5 14. Nh4 Be6 15. f4
Qd7 16. Qd2 Na5 17. Bd1 Nac4 18. Qf2 f6 19. b3 Nxe3 20. Qxe3 fxe5 21. fxe5 Rf7
22. Nf3 Raf8 23. Be2 Bg4 24. Rf1 e6 25. h3 Bxf3 26. Rxf3 a6 27. Raf1 Qc7 28.
Rxf7 Rxf7 29. Rxf7 Qxf7 1/2-1/2

[Event "Batatais op 2nd"]
[Site "Batatais"]
[Date "2011.12.18"]
[Round "6"]
[White "Annibal, Rocevelte Jr"]
[Black "Barbosa, Erick Silva"]
[Result "1-0"]
[WhiteElo "1814"]
[BlackElo "1798"]
[PlyCount "69"]
[EventDate "2011.12.16"]
[EventType "swiss"]
[EventRounds "6"]
[EventCountry "BRA"]
[SourceTitle "EXT 2013"]
[Source "ChessBase"]
[SourceDate "2012.11.22"]
[SourceVersion "1"]
[SourceVersionDate "2012.11.22"]
[SourceQuality "1"]

1. e4 d5 2. exd5 Nf6 3. c4 c6 4. dxc6 Nxc6 5. Nf3 e5 6. d3 Bc5 7. Be2 O-O 8.
O-O Qb6 9. Nc3 Bxf2+ 10. Rxf2 Ng4 11. Qf1 Nxf2 12. Qxf2 Qxf2+ 13. Kxf2 Bf5 14.
Be3 Rad8 15. Bc5 Rfe8 16. Ne4 Bxe4 17. dxe4 f6 18. Rd1 b6 19. Ba3 Rxd1 20. Bxd1
Rd8 21. Ba4 Nd4 22. Ke3 Nxf3 23. gxf3 Rd4 24. Bc2 Kh8 25. b3 h6 26. Bd3 Rd7 27.
Ke2 g6 28. c5 bxc5 29. Bxc5 Kg7 30. b4 g5 31. Bc4 Kg6 32. Be6 Rc7 33. Kd2 Kh5
34. Bf2 Rc6 35. Bf7# 1-0

[Event "Brasilia City-ch"]
[Site "Brasilia"]
[Date "2012.01.06"]
[Round "1"]
[White "Queiroz, Glauber"]
[Black "Barbosa, Edinardo Meireles"]
[Result "0-1"]
[WhiteElo "1815"]
[BlackElo "1734"]
[PlyCount "54"]
[EventDate "2012.01.06"]
[EventType "tourn"]
[EventRounds "9"]
[EventCountry "BRA"]
[SourceTitle "CBM 146 Extra"]
[Source "ChessBase"]
[SourceDate "2012.02.29"]
[SourceVersion "1"]
[SourceVersionDate "2012.02.29"]
[SourceQuality "1"]

1. d4 Nf6 2. c4 g6 3. Nc3 Bg7 4. e4 d6 5. Nf3 O-O 6. h3 Nbd7 7. Bd3 e5 8. Be3
c5 9. d5 a6 10. O-O Nb6 11. a3 Nh5 12. b4 Nd7 13. Ne2 f5 14. exf5 e4 15. fxg6
exf3 16. gxh7+ Kh8 17. Ng3 Nxg3 18. fxg3 Bxa1 19. Qxa1+ Qf6 20. Qxf6+ Rxf6 21.
gxf3 Ne5 22. Be4 Bxh3 23. Rf2 Raf8 24. bxc5 Bf5 25. Bd4 Bxe4 26. cxd6 Nxf3+ 27.
Rxf3 Bxf3 0-1

[Event "Brasilia City-ch"]
[Site "Brasilia"]
[Date "2012.01.07"]
[Round "2"]
[White "Silva, Agnaldo Braga"]
[Black "Barbosa, Edinardo Meireles"]
[Result "1-0"]
[WhiteElo "1841"]
[BlackElo "1734"]
[PlyCount "81"]
[EventDate "2012.01.06"]
[EventType "tourn"]
[EventRounds "9"]
[EventCountry "BRA"]
[SourceTitle "CBM 146 Extra"]
[Source "ChessBase"]
[SourceDate "2012.02.29"]
[SourceVersion "1"]
[SourceVersionDate "2012.02.29"]
[SourceQuality "1"]

1. e4 c5 2. Nf3 Nc6 3. d4 cxd4 4. Nxd4 Nf6 5. Nc3 d6 6. Be2 e6 7. Be3 a6 8. Qd2
Be7 9. O-O-O Qc7 10. g4 Nxd4 11. Bxd4 e5 12. Be3 Bxg4 13. Bxg4 Nxg4 14. Nd5 Qc6
15. Nxe7 Kxe7 16. f3 Nxe3 17. Qxe3 f6 18. Rhg1 Rhg8 19. h4 Rac8 20. Rg2 b5 21.
a3 Rc7 22. Rdg1 Kf7 23. Rd1 Rd8 24. Rdg1 Kf8 25. f4 Qc4 26. Kb1 exf4 27. Qxf4
Re7 28. Rxg7 Qe6 29. Rxe7 Kxe7 30. Rg7+ Ke8 31. Qh6 Rd7 32. Qxh7 Rxg7 33. Qxg7
Qxe4 34. Qxf6 Kd7 35. Qf7+ Kc6 36. h5 a5 37. Qg6 Qe5 38. h6 Qh8 39. Qg7 Qe8 40.
h7 a4 41. Qg8 1-0

[Event "Brasilia City-ch"]
[Site "Brasilia"]
[Date "2012.01.08"]
[Round "3"]
[White "Barbosa, Edinardo Meireles"]
[Black "Faria, Fillipe Marinho"]
[Result "1/2-1/2"]
[WhiteElo "1734"]
[BlackElo "1920"]
[PlyCount "34"]
[EventDate "2012.01.06"]
[EventType "tourn"]
[EventRounds "9"]
[EventCountry "BRA"]
[SourceTitle "CBM 146 Extra"]
[Source "ChessBase"]
[SourceDate "2012.02.29"]
[SourceVersion "1"]
[SourceVersionDate "2012.02.29"]
[SourceQuality "1"]

1. Nf3 Nf6 2. g3 d5 3. Bg2 Bg4 4. O-O c6 5. d3 Nbd7 6. Nbd2 e5 7. c4 dxc4 8.
Nxc4 Qc7 9. a4 a5 10. Nfxe5 Nxe5 11. Bf4 Nfd7 12. d4 f6 13. dxe5 fxe5 14. Nxe5
Nxe5 15. Qd4 Bd6 16. Bxe5 Bxe5 17. Qxg4 O-O 1/2-1/2

[Event "Brasilia City-ch"]
[Site "Brasilia"]
[Date "2012.01.08"]
[Round "4"]
[White "Barbosa, Edinardo Meireles"]
[Black "Betat, Silvio Renan Piment"]
[Result "0-1"]
[WhiteElo "1734"]
[BlackElo "1783"]
[PlyCount "44"]
[EventDate "2012.01.06"]
[EventType "tourn"]
[EventRounds "9"]
[EventCountry "BRA"]
[SourceTitle "CBM 146 Extra"]
[Source "ChessBase"]
[SourceDate "2012.02.29"]
[SourceVersion "1"]
[SourceVersionDate "2012.02.29"]
[SourceQuality "1"]

1. Nf3 d5 2. g3 Nf6 3. Bg2 Bf5 4. O-O e6 5. d3 Nc6 6. Re1 Bc5 7. a4 O-O 8. Na3
e5 9. c4 e4 10. Nh4 Be6 11. dxe4 dxe4 12. Bg5 Bxf2+ 13. Kh1 Bxe1 14. Qxd8 Rfxd8
15. Rxe1 h6 16. Bxf6 gxf6 17. Bxe4 Rd4 18. Bd3 Nb4 19. Rd1 Nxd3 20. exd3 Bg4
21. Re1 Rad8 22. h3 Bxh3 0-1

[Event "Brasilia City-ch"]
[Site "Brasilia"]
[Date "2012.01.10"]
[Round "6"]
[White "Barbosa, Edinardo Meireles"]
[Black "Barbalho, Gilsomar Silva"]
[Result "1-0"]
[WhiteElo "1734"]
[BlackElo "1984"]
[PlyCount "63"]
[EventDate "2012.01.06"]
[EventType "tourn"]
[EventRounds "9"]
[EventCountry "BRA"]
[SourceTitle "CBM 146 Extra"]
[Source "ChessBase"]
[SourceDate "2012.02.29"]
[SourceVersion "1"]
[SourceVersionDate "2012.02.29"]
[SourceQuality "1"]

1. e4 c5 2. Nf3 d6 3. d4 cxd4 4. Nxd4 Nf6 5. Nc3 a6 6. f4 e5 7. Nf3 Qc7 8. Bd3
Be6 9. O-O Be7 10. Kh1 O-O 11. Qe2 b5 12. fxe5 dxe5 13. Nd5 Bxd5 14. exd5 e4
15. Bxe4 Nxe4 16. Qxe4 Nd7 17. Qxe7 Rfe8 18. Qh4 Qxc2 19. Nd4 Qd3 20. Qf2 Nf6
21. Bg5 Nh5 22. Qxf7+ Kh8 23. Rad1 Qg6 24. Qxg6 hxg6 25. d6 Ra7 26. Nc6 Rd7 27.
Be7 Nf6 28. Ne5 Rb7 29. Bxf6 gxf6 30. d7 Rbb8 31. d8=Q Rbxd8 32. Rxd8 1-0

[Event "Brasilia City-ch"]
[Site "Brasilia"]
[Date "2012.01.11"]
[Round "7"]
[White "Saenko, Gennady"]
[Black "Barbosa, Edinardo Meireles"]
[Result "1-0"]
[WhiteElo "1929"]
[BlackElo "1734"]
[PlyCount "103"]
[EventDate "2012.01.06"]
[EventType "tourn"]
[EventRounds "9"]
[EventCountry "BRA"]
[SourceTitle "CBM 146 Extra"]
[Source "ChessBase"]
[SourceDate "2012.02.29"]
[SourceVersion "1"]
[SourceVersionDate "2012.02.29"]
[SourceQuality "1"]

1. Nf3 Nf6 2. c4 g6 3. g3 Bg7 4. Bg2 O-O 5. Nc3 d6 6. b3 Ne4 7. Bb2 Nxc3 8.
Bxc3 Bxc3 9. dxc3 e5 10. Qd2 Nd7 11. Ng5 Qf6 12. Ne4 Qg7 13. h4 h6 14. g4 Rd8
15. O-O-O Nf6 16. Nxf6+ Qxf6 17. Qxh6 Bxg4 18. f3 Bd7 19. h5 Qf4+ 20. Qxf4 exf4
21. hxg6 fxg6 22. Rh4 Rf8 23. Rdh1 Rad8 24. Rh8+ Kf7 25. R1h7+ Ke8 26. Rxf8+
Kxf8 27. Bh3 Bxh3 28. Rxh3 Kg7 29. Kd2 Re8 30. a4 Re5 31. Rh1 b6 32. b4 a6 33.
Rh4 g5 34. Rh5 c5 35. Rh1 Re6 36. Rb1 Kg6 37. a5 Re7 38. bxc5 dxc5 39. Rxb6+
Kh5 40. Rxa6 Rd7+ 41. Kc2 Re7 42. Kd2 Rd7+ 43. Ke1 Rb7 44. Rb6 Rc7 45. Rb5 Rc6
46. Rb6 Rc7 47. Ra6 Rc8 48. Ra7 Rc6 49. Ra8 Rc7 50. a6 Rc6 51. Rh8+ Kg6 52. a7
1-0

[Event "Brasilia City-ch"]
[Site "Brasilia"]
[Date "2012.01.12"]
[Round "8"]
[White "Barbosa, Edinardo Meireles"]
[Black "Cunha, Lucas Aguiar"]
[Result "0-1"]
[WhiteElo "1734"]
[BlackElo "2172"]
[PlyCount "64"]
[EventDate "2012.01.06"]
[EventType "tourn"]
[EventRounds "9"]
[EventCountry "BRA"]
[SourceTitle "CBM 146 Extra"]
[Source "ChessBase"]
[SourceDate "2012.02.29"]
[SourceVersion "1"]
[SourceVersionDate "2012.02.29"]
[SourceQuality "1"]

1. c4 Nf6 2. Nc3 g6 3. g3 Bg7 4. Bg2 O-O 5. Nf3 d6 6. O-O Nc6 7. d3 e5 8. a3
Nh5 9. e4 a5 10. Be3 Bd7 11. Nd5 a4 12. Re1 Ne7 13. Nc3 c5 14. Rb1 Bc6 15. Qc1
f5 16. Bh6 f4 17. Bxg7 Nxg7 18. Nd5 b5 19. b4 axb3 20. Rxb3 fxg3 21. Nxe7+ Qxe7
22. fxg3 bxc4 23. Qxc4+ Kh8 24. Qc1 Ne6 25. Rf1 Ra4 26. Rf2 c4 27. Rc3 Nc5 28.
Ne1 Rxf2 29. Kxf2 Qa7 30. Kf1 cxd3 31. Nxd3 Bb5 32. Ke2 Rd4 0-1

[Event "Brasilia City-ch"]
[Site "Brasilia"]
[Date "2012.01.13"]
[Round "9"]
[White "Nascimento, Pedro Henrique Alve"]
[Black "Barbosa, Edinardo Meireles"]
[Result "1-0"]
[WhiteElo "1691"]
[BlackElo "1734"]
[PlyCount "62"]
[EventDate "2012.01.06"]
[EventType "tourn"]
[EventRounds "9"]
[EventCountry "BRA"]
[SourceTitle "CBM 146 Extra"]
[Source "ChessBase"]
[SourceDate "2012.02.29"]
[SourceVersion "1"]
[SourceVersionDate "2012.02.29"]
[SourceQuality "1"]

1. d4 Nf6 2. Nf3 g6 3. g3 Bg7 4. c4 O-O 5. Bg2 d6 6. O-O Nbd7 7. Nc3 e5 8. dxe5
dxe5 9. e4 a5 10. Qc2 Nc5 11. Bg5 Ncd7 12. Rad1 Re8 13. Nd5 h6 14. Nxf6+ Bxf6
15. Bxh6 Qe7 16. Be3 Nc5 17. Rd5 b6 18. Bxc5 bxc5 19. h3 Be6 20. Rd2 Bg7 21.
Nh4 Qg5 22. Kh2 f5 23. exf5 Bxf5 24. Nxf5 gxf5 25. Bxa8 Rxa8 26. Qd3 Rf8 27. f4
exf4 28. Rxf4 Kh8 29. Qd5 Bd4 30. Rh4+ Kg7 31. Qd7+ Kg6 1-0

[Event "Batatais"]
[Site "Batatais"]
[Date "2012.01.13"]
[Round "1"]
[White "Barbosa, Erick Silva"]
[Black "Dias, Matheus Nunes"]
[Result "1-0"]
[WhiteElo "1717"]
[BlackElo "1571"]
[PlyCount "103"]
[EventDate "2012.01.13"]
[EventType "tourn"]
[EventRounds "9"]
[EventCountry "BRA"]
[SourceTitle "EXT 2014"]
[Source "ChessBase"]
[SourceDate "2013.11.20"]
[SourceVersion "1"]
[SourceVersionDate "2013.11.20"]
[SourceQuality "1"]

1. e4 e6 2. d4 d5 3. Nc3 dxe4 4. Nxe4 Nd7 5. Nf3 Ngf6 6. Nxf6+ Nxf6 7. Bg5 Be7
8. Bd3 h6 9. Bh4 c5 10. dxc5 Bxc5 11. Bb5+ Bd7 12. Bxd7+ Qxd7 13. Bxf6 gxf6 14.
Qxd7+ Kxd7 15. O-O-O+ Ke7 16. Nd4 Rad8 17. c3 Rhg8 18. g3 Rg4 19. f4 Rgg8 20.
Nf3 Be3+ 21. Kc2 Rxd1 22. Rxd1 Rd8 23. Rxd8 Kxd8 24. Kd3 Bc5 25. h3 Bf2 26. g4
Ke7 27. Ke4 Bg3 28. Nd4 Bf2 29. c4 Bg3 30. Kf3 Be1 31. Ke4 Bf2 32. a3 a5 33. b4
axb4 34. axb4 Kd6 35. Nb3 Be1 36. b5 b6 37. Nd4 Kc5 38. Kd3 Bf2 39. Nc6 Bg3 40.
Nb8 Bxf4 41. Nd7+ Kd6 42. Nxb6 Kc7 43. c5 Bg3 44. Kc4 f5 45. gxf5 exf5 46. Nd5+
Kc8 47. Ne7+ Kd7 48. Nxf5 Bf4 49. b6 h5 50. Kb5 f6 51. c6+ Kc8 52. Ne7+ 1-0